Historia de la vida cotidiana en México
Guardat en:
| Autor principal: | |
|---|---|
| Format: | Llibre |
| Idioma: | espanyol |
| Publicat: |
Ciudad de México, México
El Colegio de México
2004
Ciudad de México Fondo de Cultura Económica 2004 |
| Col·lecció: | Sección de Obras de Historia
|
| Matèries: | |
| Etiquetes: |
Afegir etiqueta
Sense etiquetes, Sigues el primer a etiquetar aquest registre!
|
MARC
| LEADER | 00000cam a2200000 a 4500 | ||
|---|---|---|---|
| 001 | UCF4078 | ||
| 003 | CL-VaPUC | ||
| 005 | 20250227161626.0 | ||
| 008 | 121115e20040000MX |||||||||||||||||spa|d | ||
| 999 | |c 350069 |d 350067 | ||
| 020 | |a 9789681210861o.c | ||
| 040 | |c Pontificia Universidad Católica de Valparaíso | ||
| 082 | 0 | 4 | |a 972 GON 2004 |2 21 |
| 100 | |a Gonzalbo Aizpuru, Pilar |e author |9 565733 | ||
| 245 | 1 | 0 | |a Historia de la vida cotidiana en México |
| 260 | |a Ciudad de México, México |b El Colegio de México |c 2004 | ||
| 260 | |a Ciudad de México |b Fondo de Cultura Económica |c 2004 | ||
| 300 | |a tomos | ||
| 490 | 0 | |a Sección de Obras de Historia | |
| 500 | |a t.1: Mesoamérica y los ámbitos indígenas de la Nueva España | ||
| 500 | |a t.2: La ciudad barroca | ||
| 500 | |a t.3: El siglo XVIII. Entre tradición y cambio | ||
| 500 | |a t.4: Bienes y vivencias. El siglo XIX | ||
| 500 | |a t.5 v.1: Siglo XX. Campo y ciudad | ||
| 500 | |a t.5 v.2: Siglo XX. La imagen, ¿espejo de la vida? | ||
| 583 | |a last modification |c 20121115 10:00:00 |k Rodrigo Vera | ||
| 650 | 0 | |a Historia de México |9 321806 | |
| 650 | 0 | |a Vida y costumbres |z MEXICO |9 611784 | |
| 650 | 0 | |a Arquitectura mexicana |9 341257 | |
| 852 | |a BIBCUR | ||
| 942 | |c BK |2 ddc | ||
| 945 | |d 20121115 00:00:00 |a dcastane | ||
| 952 | |0 0 |1 0 |2 ddc |4 0 |6 972_000000000000000_GON_2004_2004 |7 0 |8 A |9 453049 |a BIBHIS |b BIBHIS |d 2019-11-22 |h t.1 |i 4923960 |l 2 |o 972 GON 2004 2004 |p 4923960 |r 2025-01-20 |s 2022-09-29 |t 1 |w 2019-11-22 |y BK |k HIS | ||
| 952 | |0 0 |1 0 |2 ddc |4 0 |6 972_000000000000000_GON_2004_2004 |7 0 |8 A |9 453050 |a BIBHIS |b BIBHIS |d 2019-11-22 |h t.2 |i 4923979 |o 972 GON 2004 2004 |p 4923979 |r 2025-01-20 |t 1 |w 2019-11-22 |y BK |k HIS | ||
| 952 | |0 0 |1 0 |2 ddc |4 0 |6 972_000000000000000_GON_2004_2004 |7 0 |8 A |9 453051 |a BIBHIS |b BIBHIS |d 2019-11-22 |h t.3 |i 4923987 |o 972 GON 2004 2004 |p 4923987 |r 2025-01-20 |t 1 |w 2019-11-22 |y BK |k HIS | ||
| 952 | |0 0 |1 0 |2 ddc |4 0 |6 972_000000000000000_GON_2004_2004 |7 0 |8 A |9 453052 |a BIBHIS |b BIBHIS |d 2019-11-22 |h t.4 |i 4923995 |o 972 GON 2004 2004 |p 4923995 |r 2025-01-20 |t 1 |w 2019-11-22 |y BK |k HIS | ||
| 952 | |0 0 |1 0 |2 ddc |4 0 |6 972_000000000000000_GON_2004_2004 |7 0 |8 A |9 453053 |a BIBHIS |b BIBHIS |d 2019-11-22 |h t.5 v.1 |i 4924002 |l 1 |o 972 GON 2004 2004 |p 4924002 |r 2025-01-20 |s 2023-11-22 |t 1 |w 2019-11-22 |y BK |k HIS | ||
| 952 | |0 0 |1 0 |2 ddc |4 0 |6 972_000000000000000_GON_2004_2004 |7 0 |8 A |9 453054 |a BIBHIS |b BIBHIS |d 2019-11-22 |h t.5 v.2 |i 4924010 |l 1 |o 972 GON 2004 2004 |p 4924010 |r 2025-01-20 |s 2023-11-22 |t 1 |w 2019-11-22 |y BK |k HIS | ||